| 000 | 00347nam a2200097Ia 4500 | ||
|---|---|---|---|
| 008 | 230915s9999 xx 000 0 und d | ||
| 050 | _aTHE ZA4081.86.M84.C.1 | ||
| 100 | _aCECILIA WATETU MUGAMBI | ||
| 245 | 0 | _aANALYSIS OF THE IMPLEMENTATION OF AN INSTITUTIONAL REPOSITRY: A CASE STUDY OF DEDAN KIMATHI UNIVERSITY OF TECHNOLOGY, KENYA | |
| 942 | _cBK | ||
| 999 |
_c204003 _d204003 |
||